000 00467pab a2200157 454500
008 180718b2013 xxu||||| |||| 00| 0 eng d
100 _aShrestha, Prakash Kumar
245 _aEconomic development in south and east Asia: Empirical examination of east Asian development model
260 _c2013
300 _ap.1-28.
362 _aDec
650 _aEconomic and social development
773 _aAsia-Pacific Development Journal
908 _aN
909 _a104669
999 _c104665
_d104665